[Event "Barcelona Sant Marti op 04th"]
[Site "Barcelona"]
[Date "2002.04.27"]
[Round "4.51"]
[White "Izquierdo Cazorla, Miguel"]
[Black "Garcia Extremera, Manuel"]
[Result "0-1"]
[WhiteElo "1785"]
[BlackElo "1700"]
[PlyCount "60"]
[EventDate "2002.04.06"]
[EventType "swiss"]
[EventRounds "9"]
[EventCountry "ESP"]
[SourceTitle "EXT 2003"]
[Source "ChessBase"]
[SourceDate "2002.11.25"]
[SourceVersion "1"]
[SourceVersionDate "2002.11.25"]
[SourceQuality "1"]

1. d4 Nf6 2. Nf3 g6 3. Nc3 Bg7 4. Bf4 0-0 5. e4 d6 6. Bc4 Nh5 7. Be3 c6 8. Ng5 h6 9. g4 Nf6 10. h3 hxg5 11. Qf3 b5 12. Bb3 Nh7 13. h4 gxh4 14. Rxh4 e6 15. Qh3 Ng5 16. Bxg5 Qxg5 17. Ne2 e5 18. d5 a5 19. dxc6 Nxc6 20. Bd5 Ra6 21. Rd1 Nb4 22. Kf1 Nxd5 23. Rxd5 b4 24. f4 Qe7 25. c3 Bb7 26. Rb5 Bxe4 27. Qh2 Qd7 28. Rxe5 dxe5 29. fxe5 g5 30. Rh5 Qxg4 0-1

[Event "Barcelona Sant Marti op 04th"]
[Site "Barcelona"]
[Date "2002.04.06"]
[Round "1.20"]
[White "Pujal Moncho, Joaquim"]
[Black "Izquierdo Cazorla, Miguel"]
[Result "1-0"]
[WhiteElo "2035"]
[BlackElo "1785"]
[PlyCount "145"]
[EventDate "2002.04.06"]
[EventType "swiss"]
[EventRounds "9"]
[EventCountry "ESP"]
[SourceTitle "EXT 2003"]
[Source "ChessBase"]
[SourceDate "2002.11.25"]
[SourceVersion "1"]
[SourceVersionDate "2002.11.25"]
[SourceQuality "1"]

1. Nf3 d5 2. d4 Nf6 3. Bg5 Ne4 4. Bf4 e6 5. e3 Nd7 6. Bd3 g5 7. Bg3 Ndf6 8. Ne5 Bd6 9. Nd2 Nxg3 10. hxg3 c5 11. c3 Bd7 12. Qf3 Qe7 13. Rh6 Bxe5 14. dxe5 Ng8 15. Rxh7 Rxh7 16. Bxh7 0-0-0 17. 0-0-0 f5 18. Bxg8 Rxg8 19. Qh5 Qg7 20. Rh1 Qxe5 21. Qh7 Qg7 22. Nf3 g4 23. Ne5 Be8 24. Rh6 Qxh7 25. Rxh7 Bg6 26. Re7 Be8 27. Rxe6 Bd7 28. Re7 Re8 29. Rxe8+ Bxe8 30. c4 dxc4 31. Nxc4 Bc6 32. Nd6+ Kd7 33. Nxf5 Bxg2 34. Kd2 Ke6 35. Nh6 Bf3 36. Kd3 b5 37. e4 a6 38. Ke3 c4 39. Kd4 a5 40. Nf5 Be2 41. Ke3 Bd3 42. Nd4+ Ke5 43. Nc6+ Kd6 44. Nxa5 Bb1 45. a3 Ke5 46. Nc6+ Kd6 47. Nd4 Ke5 48. Nxb5 Bxe4 49. Nc3 Bc2 50. a4 Kd6 51. Kd4 Bb3 52. a5 Kc6 53. Ne4 Kb5 54. Nd6+ Kxa5 55. Nxc4+ Kb4 56. Ne3 Be6 57. Ke5 Bd7 58. Kf4 Kb3 59. Nxg4 Kxb2 60. Nf6 Bb5 61. Ke5 Kc3 62. Ne4+ Kd3 63. f4 Ke3 64. g4 Bc6 65. Nf6 Kf3 66. g5 Ba4 67. g6 Kg3 68. g7 Bb3 69. Nd5 Bxd5 70. Kxd5 Kxf4 71. g8Q Ke3 72. Qg3+ Ke2 73. Kd4 1-0

[Event "Ideal Clave op 7th"]
[Site "Barcelona"]
[Date "2001.11.24"]
[Round "8"]
[White "Izquierdo Cazorla, Miguel"]
[Black "Corvi Hernandez, Josep"]
[Result "0-1"]
[WhiteElo "1750"]
[BlackElo "1825"]
[PlyCount "98"]
[EventDate "2001.09.29"]
[EventType "swiss"]
[EventRounds "8"]
[EventCountry "ESP"]
[SourceTitle "EXT 2003"]
[Source "ChessBase"]
[SourceDate "2002.11.25"]
[SourceVersion "1"]
[SourceVersionDate "2002.11.25"]
[SourceQuality "1"]

1. d4 Nf6 2. Nf3 d5 3. Nc3 Bg4 4. Ne5 Bf5 5. e3 a6 6. g4 Bd7 7. Bg2 e6 8. a3 c5 9. g5 cxd4 10. exd4 Ng8 11. Qf3 Qe7 12. 0-0 Nc6 13. Be3 Nxe5 14. dxe5 Bc6 15. Qf4 g6 16. Na4 Bxa4 17. Qxa4+ b5 18. Qa5 Qd7 19. Qb6 Ne7 20. Rfd1 Bg7 21. f4 0-0 22. Bc5 Rfc8 23. Bd6 Nf5 24. c3 Bf8 25. Bxf8 Kxf8 26. Rd3 Qa7 27. Qxa7 Rxa7 28. Bf3 Rc4 29. Rad1 Ra8 30. b3 Rxf4 31. Kf2 Nh4 32. Kg3 Rxf3+ 33. Rxf3 Nxf3 34. Kxf3 Rc8 35. Rd3 Kg7 36. Kf4 h5 37. h4 Kf8 38. Ke3 Ke7 39. Kd4 Kd7 40. Rf3 Ke7 41. Re3 a5 42. Rf3 a4 43. c4 bxc4 44. Rc3 axb3 45. Rc1 Ra8 46. Ra1 b2 47. Rb1 Rb8 48. Kc3 Rb3+ 49. Kd4 c3 0-1